000 00438nam a2200181Ia 4500
008 090124s9999 xx 000 0 und d
082 _b121024
100 _aथोरे अशोक
245 _a रिंगण
250 _a1
260 _c1985
300 _a203
600 _aथोरे अशोक
630 _a रिंगण
700 _aथोरे अशोक
730 _a रिंगण
942 _cBOOK
999 _c167110
_d167110